কোন আমটি কখন খাবেন / (Record no. 31425)

MARC details
000 -LEADER
fixed length control field 00776nam a22002177a 4500
003 - CONTROL NUMBER IDENTIFIER
control field BDDh-ASL
005 - DATE AND TIME OF LATEST TRANSACTION
control field 20231015031253.0
008 - FIXED-LENGTH DATA ELEMENTS--GENERAL INFORMATION
fixed length control field 230320s2017 b ||||| |||| 00| 0 b d
040 ## - CATALOGING SOURCE
Transcribing agency BDDh-ASL
041 ## - LANGUAGE CODE
Language code of text/sound track or separate title bengali
082 ## - DEWEY DECIMAL CLASSIFICATION NUMBER
Classification number 909.09
Item number SIK
100 1# - MAIN ENTRY--PERSONAL NAME
Personal name সিদ্দিকী, মাহবুব
9 (RLIN) 5234
245 10 - TITLE STATEMENT
Title কোন আমটি কখন খাবেন /
246 ## - VARYING FORM OF TITLE
Title proper/short title Kon Amti Kokhon Khaben.
260 ## - PUBLICATION, DISTRIBUTION, ETC.
Place of publication, distribution, etc. ঢাকা:
Name of publisher, distributor, etc. আগামী প্রকাশনী,
Date of publication, distribution, etc. ২০১৭।
300 ## - PHYSICAL DESCRIPTION
Extent ৭৬ পৃষ্ঠা:
Other physical details ছবি;
Dimensions ২২ সে.মি.
650 #0 - SUBJECT ADDED ENTRY--TOPICAL TERM
Topical term or geographic name entry element History (ইতিহাস)
9 (RLIN) 4586
650 #0 - SUBJECT ADDED ENTRY--TOPICAL TERM
Topical term or geographic name entry element General History (সাধারণ ইতিহাস)
9 (RLIN) 7588
650 #0 - SUBJECT ADDED ENTRY--TOPICAL TERM
Topical term or geographic name entry element Mango (আম)
9 (RLIN) 7589
942 ## - ADDED ENTRY ELEMENTS (KOHA)
Source of classification or shelving scheme Dewey Decimal Classification
Koha item type Books
Holdings
Withdrawn status Lost status Source of classification or shelving scheme Damaged status Not for loan Collection code Home library Current library Shelving location Date acquired Source of acquisition Total Checkouts Full call number Barcode Date last seen Copy number Price effective from Koha item type Public note
    Dewey Decimal Classification     Non-fiction Asiatic Society Library Asiatic Society Library General Stacks 03/28/2023 Book Purchase, 2022   909.09 SIK 120087 03/28/2023 C-1 03/28/2023 Books Y-2017

Powered by Koha